Ohrid St.Paul The Apostle Airport Destinations - Statistics

General Stats
  • This quiz has been taken 19 times
    5 since last reset
  • The average score is 9 of 14
Answer Stats
Airline Destination % Correct
TUI Amsterdam
100%
Turkish Airlines Istanbul
100%
Austrian Airlines Vienna
100%
LOT Warsaw
100%
Chair, Edelweiss Zurich
100%
AirSerbia Belgrade
67%
WizzAir Bratislava
67%
WizzAir Katowice
67%
TUI Manchester
67%
WizzAir Milan (Malpensa)
67%
WizzAir Wroclaw
67%
WizzAir Memmingen
33%
WizzAir Basel
0%
WizzAir Dortmund
0%
No matching quizzes found
Score Distribution
Percent of People with Each Score
Percentile by Number Answered
Your Score History
You have not taken this quiz since the last reset